000 00757nam a2200205Ii 4500
003 JO-AjNU
008 230605s9999||||xx |||||||||||||| ||und||
040 _aJO-AjNU
_bara
_erda
_cJO-AjNU
041 _aara
050 1 4 _aUA853.Z83 2021
100 3 _aالزعبي، "احمد شريف"عيسى,
_eauthor
_963807
245 0 0 _aالجيش العربي: مسيرة عز وفخار
264 3 1 _aعمان: وزارة الثقافة، 2021
300 _a260ص
_bاصدارات مئوية الدولة الاردنية 2021
336 _atext
_btxt
_2rdacontent
337 _aunmediated
_bn
_2rdamedia
338 _avolume
_bnc
_2rdacarrier
490 0 _aا
650 4 _aالقوات المسلحة-الجيش العربي-الثورة العربية
_963808
999 _aA28962
_c32530
_d32530